000 00481nam a2200145Ia 4500
008 230917s9999||||xx |||||||||||||| ||und||
040 _e249311
_aMAIN
041 _aEnglish
082 _a891.431721 SV92P
100 _aवर्मा, प्रवीण कुमार
245 0 _aविनोद कुमार शुक्ल का साहित्य: अन्तर्वस्तु और संरचना
260 _c2017
300 _a401 p.
942 _cTH
999 _c128051
_d128051